00941nam a2200229 a 450000100100000000500170001000800410002702000180006804000250008608200150011110000340012624501130016026000950027330000210036849000200038950000770040950400310048670000370051783000270055495201130058199900170069400003725420200930080237.0120321s2010 ve 000 0 spa d a9789807053068 aDO-SdBNPbspacBNPHU axxxbR124p1 aRada Aragol, Yasmín.96367010aProtesta estudiantil y represión en Venezuela 1983-1993 /cYasmín Rada Aragol, Orlando José Contreras. aCaracas, Venezuela :bArchivo General de la Nación,bCentro Nacional de Historia,c2010. a183 p. ;c21 cm.1 aBicentenariov7 aIncluye datos biográficos del autor en la solapa de la contracubierta. aBibliografía: p. 179-18312aContreras, Orlando José963671 0aBicentenarion7963672 001050718MOaGRbGRcCTd2012-03-21iLF1l0oxxx R124pp37254-10r2020-06-25w2020-06-25y1ZNo se presta c36744d36744